Очистка поверхности металла от пылинок за счет лазерного нагрева; Изотопы: технологии, материалы и применение

Manylion Llyfryddiaeth
Parent link:Изотопы: технологии, материалы и применение.— 2020.— [С. 31]
Prif Awdur: Хорохорин Д. М.
Awdur Corfforaethol: Национальный исследовательский Томский политехнический университет Инженерная школа ядерных технологий Отделение ядерно-топливного цикла
Awduron Eraill: Кузнецов М. С. Михаил Сергеевич (научный руководитель), Лукин А. В., Хан В. А. Валерий Алексеевич
Crynodeb:Заглавие с титульного экрана
Iaith:Rwseg
Cyhoeddwyd: 2020
Cyfres:Селекция веществ оптическими, электромагнитными, ИЦР, лазерными и плазменными методами. Диагностика и методы анализа веществ и примесей
Pynciau:
Mynediad Ar-lein:http://earchive.tpu.ru/handle/11683/63926
Fformat: Electronig Pennod Llyfr
KOHA link:https://koha.lib.tpu.ru/cgi-bin/koha/opac-detail.pl?biblionumber=632350

MARC

LEADER 00000naa2a2200000 4500
001 632350
005 20240116110929.0
035 |a (RuTPU)RU\TPU\conf\34058 
035 |a RU\TPU\conf\34056 
090 |a 632350 
100 |a 20201118d2020 k y0rusy50 ca 
101 0 |a rus 
102 |a RU 
105 |a y z 101zy 
135 |a drcn ---uucaa 
181 0 |a i  
182 0 |a b 
200 1 |a Очистка поверхности металла от пылинок за счет лазерного нагрева  |f Д. М. Хорохорин, М. С. Кузнецов, А. В. Лукин  |g науч. рук. В. А. Хан 
203 |a Текст  |c электронный 
225 1 |a Селекция веществ оптическими, электромагнитными, ИЦР, лазерными и плазменными методами. Диагностика и методы анализа веществ и примесей 
300 |a Заглавие с титульного экрана 
320 |a [Библиогр.: с. 31 (2 назв.)] 
463 0 |0 (RuTPU)RU\TPU\conf\34043  |t Изотопы: технологии, материалы и применение  |o сборник тезисов докладов VI Международной научной конференции молодых ученых, аспирантов и студентов, г. Томск, 26-29 октября 2020 г.  |f Национальный исследовательский Томский политехнический университет (ТПУ)  |v [С. 31]  |d 2020 
610 1 |a электронный ресурс 
610 1 |a труды учёных ТПУ 
610 1 |a очистка 
610 1 |a поверхности 
610 1 |a металлы 
610 1 |a лазерный нагрев 
610 1 |a микрочастицы 
610 1 |a оксид урана 
610 1 |a твердые тела 
700 1 |a Хорохорин  |b Д. М. 
701 1 |a Кузнецов  |b М. С.  |c физик  |c доцент Томского политехнического университета, кандидат технических наук  |f 1984-  |g Михаил Сергеевич  |3 (RuTPU)RU\TPU\pers\30070  |9 14490 
701 1 |a Лукин  |b А. В. 
702 1 |a Хан  |b В. А.  |c физик  |c доцент Томского политехнического университета, доктор технических наук  |f 1952-  |g Валерий Алексеевич  |4 727 
712 0 2 |a Национальный исследовательский Томский политехнический университет  |b Инженерная школа ядерных технологий  |b Отделение ядерно-топливного цикла  |3 (RuTPU)RU\TPU\col\23554 
801 2 |a RU  |b 63413507  |c 20201209  |g RCR 
856 4 |u http://earchive.tpu.ru/handle/11683/63926 
942 |c BK